000
00337nam a2200145Ia 4500
008
150201s2013 xx 000 0 und d
082
_a
612
_b
M13H
100
_a
HALL, JOHN E.
245
_a
TB. OF MEDICAL PHYSIOLOGY
250
_a
1ST
260
_b
ELSEVIER
_a
INDIA
_c
2013
300
_a
907
650
_a
PHYSIOLOGY
942
_2
ddc
_c
BK
_0
17
999
_c
2154
_d
2154